000 01204nam0a22003131 4500
001 rc\4535898
005 20250612111924.0
021 _aRU
_b[66-41481]
035 _a(NLR Aleph) 008632710
090 _a8892655
_c8892655
100 _a20130416d1966 |||y0rusy50 ca
101 0 _arus
102 _aRU
105 _ay z |||||
200 1 _aКак бороться с эрозией почв
210 _aМосква
_cЗнание
_d1966
215 _a16 с.
_d21
225 1 _aНовое в жизни, науке, технике
_h5 серия
_iСельское хозяйство
_v10
300 _aПеред загл. авт.: В.П. Козлов, канд. с.-х. наук
300 _aНа обл. загл.: Как бороться с водной эрозией почв
512 0 _aКак бороться с водной эрозией почв
606 _aЭрозия почв
_2psbo
700 1 _7ca
_8rus
_aКозлов
_bВ. П.
_cканд. с.-х. наук
_f1897-1971
_gВладимир Петрович
_9247223
_3RU\NLR\AUTH\770247279
801 0 _aRU
_bNLR
_gpsbo
801 1 _aRU
_bELAR
_2rusmarc
852 _aNLR
_j66-6/5778
942 _cBOOK
980 _aNB